| 000 | 00654nam a2200193 i 4500 | ||
|---|---|---|---|
| 001 | 65526 | ||
| 003 | ES-MaACL | ||
| 005 | 20230906165406.0 | ||
| 007 | t| | ||
| 008 | 040115s1966 sp ||||1| spa d | ||
| 100 | 1 |
_aFried, Edrita. _952604 |
|
| 245 | 1 | 0 |
_aProblemática de la sexualidad _b: psicopatología del amor y personalidad / _cEdrita Fried ; versión por Alfredo Guerra Miralles. |
| 250 | _a[1ª ed.]. | ||
| 260 |
_aMadrid : _bMorata, _c[1966] |
||
| 300 |
_aVIII, 342 p. ; _c22 cm. |
||
| 500 | _aEn blanco las p. 122, 123, 126, 127, 130, 131, 134 y 135. | ||
| 700 | 1 |
_aGuera Miralles, Alfredo. _960449 |
|
| 852 |
_aES-MaACL _jC-29762 _bR.60360 |
||
| 999 |
_c65526 _d65526 |
||